LEADER 01217nam 2200385 450 001 990000903560203316 010 $a3-7643-5466-6 035 $a0090356 035 $aUSA010090356 035 $a(ALEPH)000090356USA01 035 $a0090356 100 $a20020125d1996----km-y0itay0103----ba 101 $aeng 102 $aDE 105 $a||||||||001yy 200 1 $aSingular integral operators and related topics$ejoint German-Israeli workship$eTel Aviv, March 1-10, 1995$fedited by A. Böttcher, I. Gohberg 210 $aBasel$cBirkhäuser$dc1996 215 $aVIII, 315 p.$d24 cm 225 2 $aOperator theory advances and applications 410 $12001$aOperator theory advances and applications 461 1$1001-------$12001 606 0 $aIntegrali singolari 676 $a515.723 702 1$aBÖTTCHER,$bA 702 01$aGOHBERG,$bI. 801 0$aIT$bsalbc$gISBD 912 $a990000903560203316 951 $a515.723 SIN$b10755 ING$c515.723 959 $aBK 969 $aTEC 979 $aPATTY$b90$c20020125$lUSA01$h1345 979 $c20020403$lUSA01$h1734 979 $aPATRY$b90$c20040406$lUSA01$h1702 996 $aSingular integral operators and related topics$9970463 997 $aUNISA LEADER 01545oam 22004334a 450 001 9910480683003321 005 20200716185108.0 010 $a1-4962-1921-X 035 $a(CKB)4100000010103458 035 $a(OCoLC)1137741906 035 $a(MdBmJHUP)muse74821 035 $a(MiAaPQ)EBC6020910 035 $a(EXLCZ)994100000010103458 100 $a20190411g20199999 uy 0 101 0 $aeng 135 $aur|||||||nn|n 181 $ctxt$2rdacontent 182 $cc$2rdamedia 183 $acr$2rdacarrier 200 02$aA Grammar of Upper Tanana, Volume 1 $ephonology, lexical Classes, morphology 210 1$aLincoln :$cUniversity of Nebraska Press,$d[2019]- 210 3$aBaltimore, Md. :$cProject MUSE,$d2020 210 4$d©[2019]- 215 $a1 online resource (2 volumes cm) 311 $a1-4962-1315-7 320 $aIncludes bibliographical references. 327 $avolume 1. Phonology, lexical classes, morphology / Olga Lovick. 330 $a"A Grammar of Upper Tanana is a comprehensive text that performs the impressive task of providing a linguistically accurate written record of the endangered Upper Tanana language"--$cProvided by publisher. 606 $aUpper Tanana language$xGrammar 608 $aElectronic books. 615 0$aUpper Tanana language$xGrammar. 676 $a497/.2 702 $aLovick$b Olga Charlotte 801 0$bMdBmJHUP 801 1$bMdBmJHUP 906 $aBOOK 912 $a9910480683003321 996 $aA Grammar of Upper Tanana, Volume 1$92122852 997 $aUNINA